| 000 | 00389nam a2200157 a 4500 | ||
|---|---|---|---|
| 001 | 5124 | ||
| 003 | CDMR | ||
| 005 | 20151026104202.0 | ||
| 008 | 130130s1953||||||||||||||||||||||||||||d | ||
| 040 |
_aCDMR _bcat _cCDMR |
||
| 245 | 4 | _aLes agences télégraphiques d'information | |
| 260 |
_aParis _c1953 _bUNESCO |
||
| 300 | _a229 p. | ||
| 650 | 0 | 4 |
_91890 _aAgències de notícies |
| 942 |
_cMON _2udc |
||
| 999 |
_c5124 _d5124 |
||